| 000 | 00709nam a2200217 i 4500 | ||
|---|---|---|---|
| 001 | 131192 | ||
| 003 | ES-MaACL | ||
| 005 | 20250702020222.0 | ||
| 007 | t| | ||
| 008 | 070214s1970 fr r ||||1| fre d | ||
| 100 | 0 |
_aRodis-Lewis, Geneviève. _998147 |
|
| 245 | 1 | 3 |
_aLa morale de Descartes / _cGeneviève Rodis-Lewis. |
| 250 | _a3e éd. rev. | ||
| 260 |
_aParis : _bPresses Universitaires de France, _c1970. |
||
| 300 |
_a136 p. ; _c18 cm. |
||
| 490 | 1 |
_aSUP. Initiation philosophique ; _v27 |
|
| 600 | 1 | 4 |
_aDescartes, René, _d1846-1881- _xCrítica e interpretación _943839 |
| 830 | 0 |
_aSUP. Initiation philosophique ; _v27 _9182090 |
|
| 852 | 4 |
_aES-MaACL _jG-323 _9R.113454 |
|
| 999 |
_c131192 _d131192 |
||